02258nam a2200217Ia 4500003000400000005001700004008004100021040002100062041000800083082002600091100003800117245014900155250002200304260003300326300002900359490003000388500003700418505009600455520143400551650005501985OSt20211028154634.0210310s1993 ck fr 000 0 spa d aCO-JMCRcCO-JMCR0 aspa04a338.9861 /bG643f2231 aGonzález Posso, Camilo, eautor10aEl fin del neoliberalismo : bel neoestructuralismo y modelos alternativos para el desarrollo social y económico / cCamilo González Posso aPrimera edición aBogotá : bIndepaz, c1993 a191 páginas ; c24 cm.0 aSerie Plan Ecosocial 2010 aIncluye notas a pie de página.0 aNeoestructuralismo y desarrollo autocentrado -- Estado y desarrollo -- ¿Cuál desarrollo?0 aEn América Latina nos hemos demorado en responder con un análisis propio de los acontecimientos. Se ha traducido más de lo que se ha creado. Pero en los últimos tres años se han multiplicado las evaluaciones y ya se enuncian propuestas coherentes para el desarrollo de nuestros países. Las elaboraciones de alternativas están superando la simple asimilación o la crítica contestaria de los enunciados neoliberales que se impusieron arrolladores en todo el subcontinente. El neoestructuralismo, las tesis del desarrollo autocentrado, del desarrollo sin pobreza o las del desarrollo de todos, forman parte de esos esfuerzos para darle vida a nuevas políticas de Estado que resuelvan las incógnitas a favor de nuestros pueblos. La nueva teoría del desarrollo latinoamericano sitúa los interrogantes y las respuestas en el nuevo ordenamiento mundial, aceptando para estas décadas la realidad de las correlaciones planetarias. Al mismo tiempo se formulan alternativas para actuar dinámicamente procurando cambios que permitan el bienestar de la mayoría, contrariando incluso las tendencias actuales de incremento de la desigualdad. El propósito para este período de cruce de siglos es mantener viva la utopía, con los pies en la tierra para crear nuevas realidades. De nuevo la pregunta es sobre la posibilidad de tal desarrollo en esta década y en los marcos del nuevo ordenamiento planetario.14aDesarrollo económico y socialvEnsayoszColombia